| 000 | 00753nam a2200253 a 4500 | ||
|---|---|---|---|
| 005 | 20151125045353.0 | ||
| 008 | 140114b1997 ck ||||| |||| 00| 0 spa d | ||
| 040 |
_aCO-BoIAVH _cCO-BoIAVH |
||
| 041 | _aspa | ||
| 044 | _ack | ||
| 090 |
_aLB _b00090 |
||
| 110 |
_bColombia. Ministerio del Medio Ambiente _942950 |
||
| 245 | _aDiseño del sistema de tasas forestales para Colombia | ||
| 260 |
_aIbagué _bEl Ministerio _c1997 |
||
| 300 | _a154 p. | ||
| 650 |
_aAprovechamiento forestal _942951 |
||
| 650 |
_aProducción forestal _93845 |
||
| 650 |
_aPolíticas forestales _93846 |
||
| 650 |
_aLegislación forestal _93847 |
||
| 650 |
_aTasas forestales _93848 |
||
| 662 | _aColombia | ||
| 710 |
_a^aUniversidad del Tolima _93849 |
||
| 942 |
_cINFORME _2z |
||
| 999 |
_c111 _d111 |
||